00569nam a2200157Ia 4500008004100000082002000041100002100061245003700082260002900119300000900148630003400157650007600191942000900267952011800276999001700394211109s9999||||xx |||||||||||||| ||und|| a894.8123bGUN-M aGundert, Hermann 0aMalayalam and English Dictionary bDC BooksaKottayamc1991 a1116 xPGR-HERMAN GUNDART COLLECTION aLiterature & rhetoricvmalayalam literaturexmalayalam storiesMalayalam cBOOK 00104070aSBCLbSBCLc6d2021-11-09g125.00l0o894.8123 GUN-Mp00099887r2021-11-09 00:00:00w2021-11-09yBOOK c56999d56999